Loreto College Library, Kolkata
WEBOPAC (ONLINE PUBLIC ACCESS CATALOGUE)

A guide to Greek Thought (Record no. 5678)

MARC details
000 -LEADER
fixed length control field 00902nam a2200217Ia 4500
008 - FIXED-LENGTH DATA ELEMENTS--GENERAL INFORMATION
fixed length control field 131103s9999 xx 000 0 und d
020 ## - ISBN | অাই এস বি এন
ISBN | অাই এস বি এন 674021568
040 ## - CATALOGING SOURCE
Original cataloging agency Loreto College
041 ## - LANGUAGE CODE
Language code English
082 ## - DDC | ডিউই
Classification number | বর্গসংখ্যা 938/GRE
Book Number | গ্রন্থাঙ্ক LCLIB/43796
245 #2 - TITLE STATEMENT | অাখ্যা বিবরণী
Title | অাখ্যা A guide to Greek Thought
Sub title | উপঅাখ্যা Major figures and trends
Statement of responsibility | লেখকের দায়িত্বের বিবরণ Edited by Jacques Brunschwig and Geoffrey E.R. Lloyd with the colaboration of Pierre Pellegrin. Translated under the direction of Catherine Porter
260 ## - IMPRINT | প্রকাশনা ক্ষেত্র
Place of publication | প্রকাশ স্থান Cambridge, Massachusetts, London, England
Name of publisher | প্রকাশকের নাম The Belknap Press of Harvard University Press
Date of publication | প্রকাশ কাল 2003
300 ## - PHYSICAL DESCRIPTION |
Page / Vol. No | পৃষ্ঠা / খন্ড সংখ্যা xiii,486p
Other physical details | অনান্য বাহ্যিক বিবরণ maps
504 ## - BIBLIOGRAPHY, ETC. NOTE
Bibliography, etc Includes bibliographical references and index
630 ## - SUBJECT ADDED ENTRY--UNIFORM TITLE
Uniform title Intellectuals - Greece
650 ## - SUBJECT ADDED ENTRY--TOPICAL TERM | বিষয় শিরোনাম - মূল বিষয়
Topical term | মূল বিষয় Thought and Thinking - History - To 1500
651 ## - SUBJECT ADDED ENTRY--GEOGRAPHIC NAME | বিষয় শিরোনাম - ভৌগলিক নাম
Geographic name | ভৌগলিক বিষয় Greece - Intellectual Life - 146 BC - 323 AD
700 ## - ADDED ENTRY--PERSONAL NAME | অতিরিক্ত সংলেখ - ব্
Personal name | ব্যাক্তিনাম Brunschwig, Jacques, ed
850 ## - HOLDING INSTITUTION
Holding institution LCLIB/938/GRE
942 ## - ADDED ENTRY ELEMENTS (KOHA)
Koha item type Books
Holdings
Withdrawn status Lost status Damaged status Not for loan Home library Current library Date acquired Total Checkouts Full call number Accession No. Date last seen Date checked out Price effective from Koha item type
        Loreto College Loreto College 04/11/2013 1 938/GRE LCLIB/43796 B5551 08/08/2018 08/08/2018 04/11/2013 Books